00886nam a22002177a 4500003000900000008004100009040007100050082001800121100003400139245005900173260004800232300002600280505024800306650001200554650001400566650001300580650001200593650002600605650002100631650001600652AR-CdUCM190222b ||||| |||| 00| 0 spa d aMUNICIPALIDAD PROVINCIAL DEL CUSCOcBIBLIOTECA MUNICIPAL DEL CUSCO a868.42 /bF41 aFernandez de Moratin, Leandro aEl sí de las niñas /cLeandro Fernandez de Moratin aBuenos Aires :bEditorial Kapelusz ;c1957. a122 paginas ;c16 cm. aContenido: El si de la niñas y la literatura española -- La nueva corriente literaria : El teatro neoclásico -- La realidad representada y el autor -- Algunos juicios críticos sobre el autor y su obra -- Lineas generales de la obra ... aNiñas aLiteraria aRealidad aMoratin aLiteratura española aTeatro español aSiglo XVIII